[Event "11th Edmonton International Qualifier"]
[Site "Edmonton"]
[Date "2016.05.01"]
[Round "4.2"]
[White "Findlay, Ian"]
[Black "Gardner, Robert"]
[Result "1-0"]
[WhiteElo "2282"]
[BlackElo "2242"]
[PlyCount "123"]
[EventDate "2016.04.30"]
[EventType "swiss"]
[EventRounds "5"]
[EventCountry "CAN"]
[SourceDate "2016.04.20"]

1. e4 g6 2. d4 Bg7 3. Nf3 c6 4. Nc3 b5 5. Bd3 d6 6. h3 Nd7 7. O-O Bb7 8. Re1 e5
9. d5 ({It is interesting that exactly the same position occurred in
Findlay-Hebert, 1989. In that game Ian preferred} 9. dxe5 dxe5 10. Be3 Ngf6 11.
a4 {maintaining slightly better chances.}) 9... a6 10. dxc6 Bxc6 11. Bf1 ({
Immediate} 11. a4 {looks promising.}) 11... Qc7 {It turns out to be not the
best square for the queen as it can be hit by a white knight from d5.} (11...
Qb8 $5 {intending to meet} 12. a4 {with} b4 13. Na2 Ngf6 {is better.}) 12. a4
bxa4 ({Now} 12... b4 {runs into an unpleasant} 13. Nd5) 13. Nxa4 Ngf6 14. Nc3
Nc5 15. Ng5 {This way of covering the e4-pawn looks artificial but is not
necessarily bad.} ({There is nothing wrong with} 15. Nd5 $5) 15... h6 16. b4
Ncd7 (16... hxg5 17. bxc5 dxc5 18. Bxg5 {is clearly in White's favor.}) 17. Nf3
Bb7 18. Ra3 O-O 19. Qd3 ({Here and later} 19. Nh2 $5 {deserves serious
attention. White intends to trade this relatively passive knight for a good
one on f6. Then the d5-square may become more accessible for the white pieces.}
) 19... Rfc8 {Black took advantage of the opponent's somewhat artificial and
relatively slow play. He created strong pressure along the c-file, which gives
him at least equal chances.} 20. Rd1 Bf8 21. Rb3 $2 Nb6 $2 ({Both opponents
miss a surprising} 21... a5 $1 {that puts White in trouble. Black is going to
win at least a pawn since} 22. bxa5 $2 {loses more material to} Nc5) 22. Be3
Nc4 23. Bc1 Nb6 (23... a5 $1 {is still strong:} {in case of} 24. bxa5 $2 Nxa5
25. Ra3 Ba6 {White can't avoid material losses.}) 24. Be3 Rd8 {Black declines
a silent draw offer and plays on.} 25. Qe2 {The position is objectively equal
but there is a lot of play left, of course.} Rac8 26. Qe1 Ra8 27. Nh2 Bc8 {
With the idea to prevent the white knight from jumping to g4.} 28. Bxb6 ({
Nevertheless,} 28. Ng4 $1 {is possible!} {For example,} Nxg4 29. hxg4 Bxg4 $2 {
runs into} 30. Bxb6 Qxb6 31. Nd5 {followed by a fork on f6.}) 28... Qxb6 29.
Bc4 {White intends to play on the light squares.} Bb7 {This allows White to
carry out his plan.} ({The computer suggests} 29... Be6 $5 30. Nd5 Nxd5 31.
Bxd5 Bxd5 32. Rxd5 {taking advantage of the fact that the knight is relatively
far from the d5-square.} {Then} Rdc8 {creates some counterplay on the
queenside.}) 30. Ng4 $1 {White finally forces this favorable exchange.} Nxg4
31. hxg4 Rac8 32. Bd5 Rc7 33. Rd3 ({White has achieved a great position and
can increase the pressure by means of} 33. b5 $1 {taking advantage of the
opponent's awkwardly placed pieces. After} axb5 34. Rxb5 Qa7 35. Ra1 Qb8 36.
Rab1 Rdd7 37. Na4 {Black is in trouble.}) 33... Bc8 34. Qd1 Kg7 35. g3 ({
Here and later the computer advocates} 35. b5 $1 {putting Black under more
pressure on the queenside.}) 35... Be6 36. Kg2 Rdc8 37. Qf3 Qa7 38. Bxe6 $6 ({
It was the last call for} 38. b5 $1 {maintaining advantage.}) 38... fxe6 {
Now Black is OK.} 39. g5 hxg5 40. Qg4 {White is playing on the wrong side of
the board, which can lead to trouble.} Rf7 $1 41. Rf3 $6 ({Better is} 41. Rd2
$1 {keeping the d4-square under control.}) 41... Rxf3 42. Qxf3 Be7 $6 {Black
misses an opportunity to punish the opponent.} (42... Qd4 $1 {turns out to be
strong.} {It's hard to find a move for White. For example,} 43. Ne2 {brings no
relief in view of} Qd2) 43. Qg4 Rf8 44. Nd1 Rf6 45. Qe2 Qb6 46. Ne3 Rf8 47. Qc4
Qb7 48. f3 {The position is back to being approximately equal.} ({Instead,} 48.
Ra3 $5 {presents Black with some problems to solve.}) 48... Qc8 {The queen
exchange is possible but not necessary.} ({After} 48... Kf7 {the position also
remains equal.}) 49. Ra3 Qxc4 50. Nxc4 Rc8 51. Ne3 Rc6 52. c4 g4 {A nice try
but White responds correctly:} 53. f4 {denying the bishop the g5-square.} Rb6
54. Ra4 exf4 55. gxf4 g5 $2 {Allowing White reconquer the d5-square is wrong.}
({After} 55... Bf6 {the game should end in a draw. White can win the
opponent's bishop:} 56. e5 dxe5 57. Nxg4 exf4 58. b5 axb5 59. Ra7+ {but after
the correct} Be7 $1 60. Rxe7+ Kf8 61. Rc7 bxc4 {he loses his last pawn.}) 56.
f5 $1 exf5 $2 {The final mistake.} (56... Kf7 {leaves Black in the game.} {
For example,} 57. Kg3 Bf6 58. Kxg4 Bd4 59. fxe6+ Kxe6 60. Nd5 Rb8 61. Rxa6 Ke5
62. b5 Bc5 {with good drawing chances thanks to the reduced material left on
the board.}) 57. Nd5 {The knight gets access to the d5-square under favorable
circumstances, which decides the outcome of the game.} Rb7 58. exf5 {Unlike
the line above, the black king can't come to the rescue.} Ra7 59. b5 a5 60. b6
Rb7 61. Rxa5 Bd8 62. Ra7 1-0

[Event "11th Edmonton International Qualifier"]
[Site "Edmonton"]
[Date "2016.05.01"]
[Round "4.5"]
[White "Karmali, Hafiz"]
[Black "Dave, Bhavik"]
[Result "0-1"]
[WhiteElo "1977"]
[BlackElo "1897"]
[PlyCount "76"]
[EventDate "2016.04.30"]
[EventType "swiss"]
[EventRounds "5"]
[EventCountry "CAN"]
[SourceDate "2016.04.20"]

1. d4 Nf6 2. c4 g6 3. Nc3 d5 4. cxd5 Nxd5 5. Bd2 Bg7 6. e4 Nxc3 7. Bxc3 O-O 8.
Nf3 b6 9. Bd3 Bb7 10. O-O e6 11. Rc1 Nd7 12. b4 c5 13. dxc5 bxc5 14. Bxg7 Kxg7
15. Bb5 Nf6 16. e5 Ng4 17. Rxc5 Rc8 18. Rxc8 Qxd1 19. Rxd1 Rxc8 20. Nd4 Nxe5
21. h3 Kf6 22. f4 Nc6 23. Nxc6 Bxc6 24. Rc1 Bd7 25. Rxc8 Bxc8 {The ending
looks rather routine but will turn out to be quite eventful.} 26. Bc6 $2 ({
White must centralize the king immediately:} 26. Kf2 e5 27. Ke3 {and a draw
should be easy to achieve.}) 26... e5 27. fxe5+ Kxe5 28. Kf2 f5 $2 ({After the
natural} 28... Kd4 29. a3 Kc3 {Black picks up at least a pawn with good
winning chances.}) 29. Ke3 g5 ({Black has an interesting try here:} 29... Be6
30. a3 Bd5 {forcing White to find the only move} 31. b5 $1 ({the pawn ending
after} 31. Bxd5 Kxd5 {is lost. A sample line is} 32. Kd3 g5 33. g3 h5 34. a4 h4
35. gxh4 gxh4 36. Ke3 Kc4 {etc.}) {Black can then try} 31... f4+ 32. Kf2 Bxc6
33. bxc6 Kd6 {although White has just enough time to save half a point:} 34.
Kf3 Kxc6 35. Kxf4 Kb5 36. Kg5 Ka4 37. h4 Kxa3 38. Kh6 a5 39. Kxh7 a4 40. g4 Kb4
41. h5 gxh5 42. gxh5 a3 43. h6 a2 44. Kg8 a1=Q 45. h7 {with a theoretically
drawn position.}) 30. b5 h5 31. a4 {Now the position looks completely drawn
but play continues.} h4 32. a5 Kd6 33. Kd4 g4 34. hxg4 fxg4 35. Be4 Kc7 36. Kc5
$4 {A blunder throwing the game away.} ({White has several moves that draw,
the simplest way being} 36. Ke3 h3 37. gxh3 gxh3 38. Kf4) 36... Bb7 {It's
suddenly all over.} 37. Kd4 ({Or} 37. Bf5 h3 38. gxh3 g3 {and the pawn queens.}
) 37... h3 38. gxh3 gxh3 0-1

[Event "11th Edmonton International Qualifier"]
[Site "Edmonton"]
[Date "2016.05.01"]
[Round "4.9"]
[White "Mo, Michelle"]
[Black "Hughey, Leah"]
[Result "0-1"]
[WhiteElo "1544"]
[BlackElo "1664"]
[PlyCount "122"]
[EventDate "2016.04.30"]
[EventType "swiss"]
[EventRounds "5"]
[EventCountry "CAN"]
[SourceDate "2016.04.20"]

1. e4 e6 2. d4 d5 3. Nc3 Nf6 4. e5 Nfd7 5. Nf3 c5 6. Bb5 a6 7. Bxd7+ Bxd7 8.
Be3 Qb6 9. b3 cxd4 10. Bxd4 Qa5 11. O-O Bb4 12. Ne2 Bb5 13. a4 Bxe2 14. Qxe2
Nc6 15. Qe3 Nxd4 16. Nxd4 Bc3 17. Rad1 Rc8 18. Ne2 O-O 19. Nxc3 Rxc3 20. Qd2
Rfc8 21. h3 Qc7 22. Rc1 Rxc2 23. Rxc2 Qxc2 24. Qxc2 Rxc2 25. Rd1 Rb2 26. Rd3 h6
27. Rc3 g5 28. g3 Kh7 29. Rc7 Rxb3 30. Rxf7+ Kg8 31. Rf6 Rb4 32. Rxe6 Rxa4 33.
Rb6 Re4 34. e6 Kf8 35. Rxb7 Rxe6 36. Rd7 Re1+ 37. Kg2 Rd1 38. Ra7 Ra1 39. Rd7
Ra5 40. Kf3 h5 41. Ke3 Ra3+ 42. Kd4 Ra2 {Black had a large advantage but
allowed the opponent back into the game.} 43. Rxd5 $4 ({Here the simplest is} 
43. Rh7 {After a plausible} h4 44. gxh4 gxh4 45. Kxd5 Rxf2 46. Rxh4 {there is
nothing left to play for.}) 43... Rd2+ 44. Kc5 Rxd5+ 45. Kxd5 {A textbook win
for Black.} Kf7 46. Kc5 Ke6 47. Kd4 Kf5 48. Ke3 h4 49. Kf3 a5 50. Ke3 Ke5 51.
Kd3 a4 52. f4+ gxf4 53. gxh4 Kf5 54. Kd4 a3 55. Kc3 f3 56. h5 f2 57. h6 f1=Q
58. h7 a2 59. Kd4 a1=Q+ 60. Kc5 Qc3+ 61. Kd5 Qfd3# 0-1

[Event "11th Edmonton International Qualifier"]
[Site "Edmonton"]
[Date "2016.05.01"]
[Round "5.1"]
[White "Ebrahim-Shirazi, Behrooz"]
[Black "Findlay, Ian"]
[Result "0-1"]
[WhiteElo "2126"]
[BlackElo "2282"]
[PlyCount "102"]
[EventDate "2016.04.30"]
[EventType "swiss"]
[EventRounds "5"]
[EventCountry "CAN"]
[SourceDate "2016.04.20"]

1. d4 Nf6 2. c4 e6 3. Nf3 d5 4. cxd5 exd5 5. Nc3 Bb4 6. Qa4+ Nc6 7. Ne5 (7. Bg5
{is the main move.}) {This jump doesn't give White anything after the natural
response} 7... Bd7 8. Nxc6 Bxc3+ 9. bxc3 Bxc6 10. Qa3 Ne4 11. Bf4 Qf6 12. e3 g5
({Black can also play} 12... Nxf2 13. Kxf2 g5 {with not much to worry about.})
13. Bg3 Qe6 $6 ({The game Lodhi-Serper, 1995, continued} 13... h5 14. Qb2 Nxg3
15. hxg3 O-O-O {with a perfectly fine position for Black.}) 14. Bd3 {A solid
continuation.} ({White avoids complications after} 14. Bxc7 Rc8 15. Bg3 h5)
14... Kd7 $6 ({It is time for} 14... Nxg3 15. hxg3 h5 {even though it should
have been done earlier under more favorable circumstances.}) 15. Bxe4 {Not a
bad move but White is going to sorely miss this bishop.} ({Instead,} 15. Rc1 $5
{preparing c3-c4 deserves attention. White will be clearly better if he
achieves this break.}) 15... Qxe4 16. O-O h5 17. f3 $6 {The white bishop is in
some trouble but sacrificing a pawn to rescue the cleric is too high a price.}
({The e3-pawn needs to be protected first. Curiously, the computer advocates a
suicidal-looking} 17. c4 $5 {and claims a nice advantage after} dxc4 18. f3 Qe7
19. Qc3 h4 20. Bf2 h3 21. d5 $1 Bb5 22. g3) 17... Qxe3+ 18. Kh1 Rhe8 19. Be5 {
White has compensation for the pawn but no more than that.} h4 20. h3 Re6 {
The game now revolves around pawn breaks c3-c4 and f3-f4; it is tricky to play
for both sides.} 21. Rad1 $6 Qe2 $6 (21... f6 $1 22. Bh2 Bb5 {prevents c3-c4
for a long time leaving Black in complete control of the position.}) 22. Rfe1
$6 (22. c4 $1 {is actually possible.} {After} Qxc4 23. f4 $1 gxf4 24. Rxf4 {
White achieves his goal of opening up lines; Black will probably have to
return his extra material soon.}) 22... Qc2 23. Rc1 Qa4 24. Qxa4 Bxa4 {The
exchange of queens has brought relief to the black king.} 25. Kg1 $2 ({However,
here White has a chance to play} 25. c4 $1 dxc4 26. d5 {The following sample
line} Ree8 27. Rxc4 f6 28. Rxc7+ Kd8 29. Rc4 Rxe5 30. Rxe5 fxe5 31. Rxa4 {
doesn't look bad for him.}) 25... Rae8 {Black is back in the driver's seat.} ({
Even stronger is} 25... Bb5 {preventing c3-c4 for good.}) 26. c4 {White
finally achieves this break but it's a little late.} dxc4 27. Rxc4 ({The
difference is that here} 27. d5 $4 {is impossible because of} Rxe5) 27... Bc6
28. Rec1 f6 29. Bh2 Re1+ 30. Rxe1 Rxe1+ 31. Kf2 {Black has excellent winning
chances despite the opposite-color bishops.} Rh1 {I can't say that it's the
best move but it makes the rest of the game very interesting.} 32. Bg1 {
I suppose that it was a part of Black's plan.} b6 33. Rc3 Bd5 34. a3 a5 35. Rc1
Kd6 36. Bh2+ {White decides to take the exchange and seek practical chances.}
Rxh2 37. Kg1 Rxh3 38. gxh3 b5 39. Kf2 b4 40. axb4 axb4 41. Ke3 Be6 42. Rb1 c5
43. dxc5+ Kxc5 44. Rc1+ {The critical position of the game.} Kd5 $2 {Very
surprisingly, a mistake that could have deprived Black of the fully deserved
win.} (44... Kb5 $1 {turns out to be the only winning move.} {In case of} 45.
f4 {Black can continue as in the game:} Bxh3 46. fxg5 fxg5 {etc.}) 45. f4 $2 {
To be fair to the players, who had to make decisions in real time over the
board, the subtleties of the variations were very hard to understand even in
the analysis.} ({After} 45. Rd1+ $1 {it looks like a draw!} {If} Kc6 ({Another
line is} 45... Kc4 46. Rd6 Bxh3 {but after} 47. Rc6+ $1 Kb3 48. Rxf6 {White
holds on somehow}) {then White gets a crucial tempo to save half a point:} 46.
f4 Bxh3 47. fxg5 fxg5 48. Rg1 g4 49. Kf4 b3 50. Kg5 Kb5 51. Kxh4 Kb4 52. Rb1
Kc3 53. Rc1+ {etc.}) 45... Bxh3 {Now White lacks that tempo, and Black wins.}
46. fxg5 fxg5 47. Rg1 g4 48. Kf4 b3 49. Kg5 Kc4 50. Kxh4 b2 $1 {This makes all
the difference.} 51. Kg3 Kc3 0-1

[Event "11th Edmonton International"]
[Site "Edmonton"]
[Date "2016.06.20"]
[Round "3.5"]
[White "Sambuev, Bator"]
[Black "Haessel, Dale"]
[Result "1/2-1/2"]
[WhiteElo "2540"]
[BlackElo "2234"]
[PlyCount "159"]
[EventDate "2016.06.18"]
[EventType "tourn"]
[EventRounds "9"]
[EventCountry "CAN"]
[SourceDate "2016.04.20"]

1. d4 Nf6 2. Nf3 g6 3. Bg5 Bg7 4. Nbd2 d5 5. e3 c5 6. c3 Qb6 7. Qb3 O-O 8. Be2
Nc6 9. O-O Bf5 10. Qa3 cxd4 11. exd4 h6 12. Bh4 Nh5 13. Rfe1 Nf4 14. Bf1 g5 15.
Bg3 e6 16. h4 Bf6 17. hxg5 hxg5 18. Ne5 Be7 19. Qb3 Qc7 20. Ndf3 Kg7 21. Bxf4
gxf4 22. Bd3 Nxe5 23. Nxe5 Bxd3 24. Nxd3 Rh8 $1 25. Qd1 Rh4 26. Qf3 Bd6 27. Kf1
Qe7 28. Ke2 Qg5 29. Rh1 Rah8 30. Rxh4 Rxh4 31. b3 Rg4 32. Ne1 Qg6 33. Rd1 Rg5
34. Rd3 b5 35. b4 Rh5 36. Rd1 Rh8 37. Qd3 Rc8 38. Ra1 e5 39. dxe5 Bxe5 40. Rc1
Qc6 {Both players just made the time control. Black has some pressure but the
position is not easy to evaluate.} 41. Nf3 (41. Qf5 $5 {is an interesting
resource intending to pick up the f4-pawn later on.} {For example,} Qc4+ 42.
Nd3 Bxc3 43. Kf3 $1 Re8 44. Nxf4 Qe4+ 45. Qxe4 dxe4+ 46. Ke3 Bxb4 47. Rc6 {
White's active pieces will allow him to regain his pawn shortly with equality.}
) 41... Bxc3 {Black may indeed snatch this pawn. The pin looks dangerous but
it can be dealt with.} 42. Nd4 Qe8+ 43. Kf1 $2 {This safe square happens to be
wrong for the king.} ({Correct is} 43. Kf3 Bxb4 44. Rxc8 Qxc8 45. Nxb5 {
and White is going to pick up the f4-pawn soon restoring material equality.})
43... Bxb4 44. Rb1 ({The problem is that now} 44. Rxc8 $4 {is simply
impossible in view of} Qe1#) 44... Rc4 $1 {For the time being, Black has two
extra pawns along with excellent winning chances.} 45. a3 Bc5 46. Nb3 (46. Nxb5
{is possible but after} Qe4 {Black also forces the queens off the board.})
46... Qe4 47. Qxe4 dxe4 48. Nd2 Rd4 49. Rxb5 {The critical position of the
game.} Rxd2 $2 ({After the simple} 49... Bxa3 {White has nothing better than}
50. Ke2 {Then} Kg6 {followed up by a quick f7-f5 guarantees Black an easy win.
Note that} 51. Ra5 $4 {loses immediately to} Rxd2+) 50. Rxc5 f3 $2 {Now
Black's winning chances evaporate.} ({On the contrary,} 50... Kg6 $5 {keeps
his winning hopes alive.} 51. Rc7 $6 {may be answered by} Rd1+ 52. Ke2 Rg1 {
picking up the g2-pawn.}) 51. gxf3 exf3 52. Kg1 $1 {The f3-pawn will be gone
sooner or later making further efforts futile.} Rd6 53. Rc3 Rg6+ 54. Kh1 Rf6
55. Kh2 Kg6 56. Kg3 Kg5 57. a4 a5 58. Rc5+ Rf5 59. Rb5 Kf6 60. Rb3 Ke5 61. Re3+
Kd4 62. Kg4 Rf6 63. Kg5 Rg6+ 64. Kf5 Kc5 65. Rxf3 Kb4 66. Rf4+ Kb3 67. Ke5 Re6+
68. Kd5 Re7 69. Kc6 Re6+ 70. Kc5 Re5+ 71. Kb6 Ka3 72. Kc6 Kb3 73. Rxf7 Kxa4 74.
f4 Re1 75. f5 Rf1 76. f6 Kb3 77. Rb7+ Kc3 78. f7 a4 79. Ra7 Kb3 80. Kd6 1/2-1/2